عرض عادي
عرض مارك
- Hadfield, M.
مدخل إسم شخص
001 - رقم الضبط
- حقل الضبط: 11977
003 - معرف رقم الضبط
- حقل الضبط: OSt
005 - تاريخ ووقت أخر عملية
- حقل الضبط: 20120427155248.0
008 - عناصر بيانات ثابتة الطول
- حقل تحكم ثابت الطول: 120427|||a|||||| | ||| d
040 ## - مصدر الفهرسة
- هيئة الفهرسة الأصلية: OSt
- وكالة الكتابة: OSt
100 ## - مدخل -- أسم شخص
- إسم شخص: Hadfield, M.
- الشكل الكامل للاسم: (Mark),
- تواريخ مرتبطة بالاسم: 1960-
670 ## - بيانات المصدر موجوده
- الاستشهاد بالمصدر: Work cat.: (OSt)24145: International Conference on Tribology and Design (3rd : 2010 : Algarve, Portugal) 11974, Tribology & design /, c2010.
